Malaysian taxation / (Record no. 4848)
[ view plain ]
| 000 -LEADER | |
|---|---|
| fixed length control field | nam a22 7a 4500 |
| 003 - CONTROL NUMBER IDENTIFIER | |
| control field | AKMAL |
| 005 - DATE AND TIME OF LATEST TRANSACTION | |
| control field | 20200908101503.0 |
| 008 - FIXED-LENGTH DATA ELEMENTS--GENERAL INFORMATION | |
| fixed length control field | 20 s2020 myb e 001 0 eng d |
| 020 ## - INTERNATIONAL STANDARD BOOK NUMBER | |
| International Standard Book Number | 9789672289029 |
| Terms of availability | RM160.00 |
| 040 ## - CATALOGING SOURCE | |
| Original cataloging agency | AKMAL |
| 082 04 - DEWEY DECIMAL CLASSIFICATION NUMBER | |
| Classification number | 343.04026595 CHO |
| 090 ## - LOCALLY ASSIGNED LC-TYPE CALL NUMBER (OCLC); LOCAL CALL NUMBER (RLIN) | |
| Classification number (OCLC) (R) ; Classification number, CALL (RLIN) (NR) | 343.04026595 |
| Local cutter number (OCLC) ; Book number/undivided call number, CALL (RLIN) | CHO |
| 100 1# - MAIN ENTRY--PERSONAL NAME | |
| Personal name | Choong, Kwai Fatt, |
| 9 (RLIN) | 9206 |
| 245 10 - TITLE STATEMENT | |
| Title | Malaysian taxation / |
| Statement of responsibility, etc. | Choong Kwai Fatt |
| Remainder of title | Principles and Practice |
| 260 ## - PUBLICATION, DISTRIBUTION, ETC. | |
| Place of publication, distribution, etc. | Kuala Lumpur : |
| Name of publisher, distributor, etc. | InfoWorld , |
| Date of publication, distribution, etc. | 2020 |
| 300 ## - PHYSICAL DESCRIPTION | |
| Extent | 706p. ; |
| Dimensions | 26cm. |
| 500 ## - GENERAL NOTE | |
| General note | Includes index |
| 650 #0 - SUBJECT ADDED ENTRY--TOPICAL TERM | |
| Topical term or geographic name entry element | Tax planning |
| Geographic subdivision | Malaysia |
| 9 (RLIN) | 183 |
| 650 #0 - SUBJECT ADDED ENTRY--TOPICAL TERM | |
| Topical term or geographic name entry element | Tax administration and procedure |
| Geographic subdivision | Malaysia |
| 9 (RLIN) | 182 |
| 942 ## - ADDED ENTRY ELEMENTS (KOHA) | |
| Source of classification or shelving scheme | |
| Koha item type | Book |
| Withdrawn status | Lost status | Source of classification or shelving scheme | Damaged status | Not for loan | Collection code | Home library | Current library | Shelving location | Date acquired | Cost, normal purchase price | Inventory number | Total Checkouts | Full call number | Barcode | Date last seen | Price effective from | Koha item type |
|---|---|---|---|---|---|---|---|---|---|---|---|---|---|---|---|---|---|
| NON-FICTION | AKMAL Melaka | AKMAL Melaka | PINJAMAN | 08.09.2020 | 160.00 | 011335 | 343.04026595 CHO | 201707900 | 08.09.2020 | 07.09.2020 | Book |
